000 00500nam a22001817a 4500
003 OSt
082 _a631.37
_bATH
088 _a572
100 _aATHUL KRISHNA P
_95478
100 _aJIHANA P
_95479
100 _aMOHAMMAD AFSAL
_95480
100 _aVEENA VINOD K
_95481
245 _aPERFORMANCE EVALUATION OF TRACTOR OPERATED COMBINE HARVESTER
260 _aTAVANUR
_bDEPARTMENT OF FARM MACHINERY POWER ENGINEERING
_c2023
300 _a 60
700 _aSINDHU BHASKAR (Guide)
_94988
942 _cPR
999 _c17710
_d17710